000 00753nam a22002417a 4500
003 DO-SdBNP
005 20171205090318.0
008 161031b 1994 sp a 00| 0 spa d
020 _a8434844184
040 _aBPMSU
_bspa
_cBPMSU
082 _axxxx
_bxxxx
100 1 _aSierra i Fabra, Jordi
245 1 0 _aHola ¿puedo ayudar? /
_cJordi Sierra i Fabra ; ilustraciones Federico Delicado
260 _aMadrid :
_bediciones SM,
_c1994.
300 _a109 p. :
_bil.
_c21 cm.
490 0 _aLos libros de Víctor y Cía.
_v5
700 1 _aDelicado, Federico
_eil.
830 0 _aLos libros de Víctor y Cía.
_n5
910 _a000144
942 _2ddc
_cBK
945 _ainventariado extranjero / DG
956 _2YLOCKWARD
_310
_8BPMSU
_aYngrid Lockward
999 _c12994
_d12994